000 00344nam a2200145Ia 4500
008 230524s9999 xx 000 0 und d
020 _a9788120335691
100 _aD.V.S.Murty
245 0 _aTransducers and Instrumentation
250 _a2 nd ed
260 _bP H I
500 _aQuantity Number: 20
650 _aElectrical
942 _cBK
999 _c51017
_d51017